Resolution and bye-rules, June, 1967. (Record no. 88980)

MARC details
000 -LEADER
fixed length control field 00600cam a2200205 4500
001 - CONTROL NUMBER
control field sa 68019595
003 - CONTROL NUMBER IDENTIFIER
control field DLC
005 - DATE AND TIME OF LATEST TRANSACTION
control field 20260227112718.0
008 - FIXED-LENGTH DATA ELEMENTS--GENERAL INFORMATION
fixed length control field 720413s1967 pk 000 0 eng
010 ## - LIBRARY OF CONGRESS CONTROL NUMBER
LC control number sa 68019595
025 ## - OVERSEAS ACQUISITION NUMBER
Overseas acquisition number PL480:EP-E-481
040 ## - CATALOGING SOURCE
Original cataloging agency DLC
Transcribing agency DLC
Modifying agency DLC
050 00 - LIBRARY OF CONGRESS CALL NUMBER
Classification number PK1651.C4
Item number A6 1967
110 2# - MAIN ENTRY--CORPORATE NAME
Corporate name or jurisdiction name as entry element Central Board for Development of Bengali (East Pakistan, Pakistan)
245 10 - TITLE STATEMENT
Title Resolution and bye-rules, June, 1967.
260 ## - PUBLICATION, DISTRIBUTION, ETC.
Place of publication, distribution, etc. Dacca
Date of publication, distribution, etc. [1967?]
300 ## - PHYSICAL DESCRIPTION
Extent 39 p.
Dimensions 24 cm.
500 ## - GENERAL NOTE
General note "Issued by Muhammad Enamul Haq."
700 1# - ADDED ENTRY--PERSONAL NAME
Personal name Haq, Muhammad Enamul,
Dates associated with a name 1906-1982.

No items available.

Powered by Koha